Neckář:"Košice boli skvelý orchester" po 3 dňoch ušiel z nemocnice

Bibliographic Details
Format: Article
Language:Slovak
PhysicalDescription:Fotogr.
ISSN:1335-4566
Subjects:

MARC

LEADER 00000nab a2200000 a 4500
001 vtls010264921
003 SK-MaSNL
005 20260303092349.0
008 171108c20110318xo drz 0 0slo
038 |a KEVKJB 
040 |a KEVKJB  |b slo  |c KEVKJB  |e AACR2 
041 0 |a slo 
044 |a xo  |c SK 
080 |a 78.071.2  |2 2001 
245 0 0 |a Neckář:"Košice boli skvelý orchester"  |b po 3 dňoch ušiel z nemocnice  |c [autor] (pan) 
300 |b Fotogr. 
600 1 7 |a Neckář, Václav,  |d 1943-  |2 kevkjb  |9 56005 
648 7 |a 2011  |2 kevkjb  |9 328311 
650 0 7 |a koncerty  |2 kevkjb  |9 19182 
651 7 |a Košice (Slovensko)  |2 kevkjb  |9 18694 
773 0 |t Košický Korzár  |g Roč. XIV., č. 64 (18.3.2011), s. 4  |x 1335-4566 
852 |a KEVKJB  |b KIS3GCP 
958 |a CZ 
999 |c 1811989  |d 1813919